000 00288nam a22001337a 4500
008 170424b xxu||||| |||| 00| 0 eng d
020 _a9781269204996
041 _aeng
080 _a573
100 _a11
101 _aSHM
245 _aBIOLOGICAL SCIENCE
_cFRREMAN.A
942 _2udc
_cBK
999 _c11584
_d11584